000 00212nam a22000857a 4500
999 _c11090
_d11090
008 180824b ||||| |||| 00| 0 eng d
100 _aSwift
_96862
245 _aGullivers Travels
260 _aNew Delhi
_bCampfire
_c2016